| 000 | 00663nam a22001817a 4500 | ||
|---|---|---|---|
| 005 | 20180705105113.0 | ||
| 010 | _aENG-123385 | ||
| 020 |
_c795.00 _a9789352535897 |
||
| 035 | _aEN-106917 | ||
| 037 | _bDBAD/PUB | ||
| 082 | _a515.35 | ||
| 100 | _aRaisinghania, M.D. | ||
| 245 | 0 | 0 |
_aAdvanced differential equations : _cby M.D. Raisinghania _b[containing, complete unified UGC syllabus for BA/Bsc (general and honours) part II and boundary value problems] |
| 260 |
_aNew Delhi _bS. Chand and Company _c2018 |
||
| 270 |
_a7361, Ram Nagar, _bNew Delhi _e110055 |
||
| 300 |
_avarious pageing _c25cm(pbk) _bill. |
||
| 942 |
_2ddc _cEN _mRAI _h515.35 |
||
| 999 |
_c153409 _d153409 |
||